00533 a2200145 4500020001300000082000800013100002100021245003200042260003100074300001700105942001200122952012500134952011300259999001500372 a90488078 aALI aAbdul Razzaq Ali aManmage hidhumayeh theriyaa bDhagatha publicationc2017 a51p,c;20cm. cYN2ALI 2ddc3Fast Cataloged Item91898aKFPLbKFPLcKIDd2024-12-17l1oALIpKL-2024-001742r2024-12-18 08:44:15s2024-12-17yYN 2ddc3Fast Cataloged Item91899aKFPLbKFPLcKIDd2024-12-17l0oALIpKL-2024-001741r2024-12-17 06:52:06yYN c1413d1413